[Event "DOM-ch"]
[Site "Santo Domingo"]
[Date "2022.02.18"]
[Round "1"]
[White "Rosario Morillo, Angel"]
[Black "Jimenez Martinez, Dario Alberto"]
[Result "0-1"]
[WhiteElo "1707"]
[BlackElo "2032"]
[PlyCount "68"]
[EventDate "2022.02.18"]
[EventType "swiss"]
[EventRounds "11"]
[EventCountry "DOM"]
[SourceTitle "EXT 2023"]
[Source "ChessBase"]
[SourceDate "2022.10.05"]
[SourceVersion "1"]
[SourceVersionDate "2022.10.05"]
[SourceQuality "1"]

1. e4 c5 2. d4 cxd4 3. c3 dxc3 4. Nxc3 Nc6 5. Nf3 d6 6. Bc4 e6 7. 0-0 Nf6 8. Qe2 Be7 9. Rd1 Qc7 10. Bf4 a6 11. Rac1 e5 12. Bg5 Bg4 13. Bxf6 Bxf6 14. h3 Nd4 15. Rxd4 Bxf3 16. Qxf3 exd4 17. Nd5 Qd8 18. Nc7+ Ke7 19. e5 dxe5 20. Nxa8 Qxa8 21. Qd5 Qe8 22. Qc5+ Kd8 23. Bd5 Qd7 24. Qb6+ Ke8 25. Bxb7 Bd8 26. Qb4 Be7 27. Qb3 Kf8 28. Rc8+ Bd8 29. Qb6 Ke7 30. Qb4+ Qd6 31. Qc4 a5 32. Qb5 f6 33. Rc6 Qb4 34. Qd5 Re8 0-1

[Event "DOM-ch"]
[Site "Santo Domingo"]
[Date "2019.04.28"]
[Round "4"]
[White "Rosario Morillo, Angel"]
[Black "Reyes Perez, Eury Luis"]
[Result "0-1"]
[WhiteElo "1724"]
[BlackElo "1925"]
[PlyCount "88"]
[EventDate "2019.04.26"]
[EventType "swiss"]
[EventRounds "11"]
[EventCountry "DOM"]
[SourceTitle "CBM 190 Extra"]
[Source "ChessBase"]
[SourceDate "2019.07.15"]
[SourceVersion "1"]
[SourceVersionDate "2019.07.15"]
[SourceQuality "1"]

1. e4 e5 2. d4 exd4 3. c3 d5 4. e5 dxc3 5. Nxc3 c6 6. f4 Nh6 7. Nf3 Bc5 8. Bd3 Nf5 9. Bxf5 Bxf5 10. Nd4 Qh4+ 11. g3 Qh3 12. Nxf5 Qxf5 13. g4 Qe6 14. Na4 Be7 15. Be3 Na6 16. 0-0 c5 17. Bf2 0-0 18. Bg3 f5 19. g5 d4 20. a3 b5 21. h4 Rfd8 22. Rc1 c4 23. h5 Rac8 24. Rf2 bxa4 25. Rfc2 c3 26. bxc3 d3 27. Rb2 Bc5+ 28. Kh2 Bb6 29. Bh4 g6 30. hxg6 hxg6 31. Bf2 Bxf2 32. Rxf2 Nc5 33. Rf3 Kg7 34. Qg1 d2 35. Rd1 Rh8+ 36. Kg2 Rh4 37. Rxd2 Rg4+ 38. Rg3 Qc6+ 39. Kf1 Rxf4+ 40. Ke1 Re4+ 41. Kd1 Qb5 42. Kc2 Qb3+ 43. Kc1 Qxa3+ 44. Rb2 Re2 0-1

[Event "DOM-ch"]
[Site "Santo Domingo"]
[Date "2019.04.27"]
[Round "2"]
[White "Rosario Morillo, Angel"]
[Black "Perez, Lewis Omar"]
[Result "1/2-1/2"]
[WhiteElo "1724"]
[BlackElo "1923"]
[PlyCount "44"]
[EventDate "2019.04.26"]
[EventType "swiss"]
[EventRounds "11"]
[EventCountry "DOM"]
[SourceTitle "CBM 190 Extra"]
[Source "ChessBase"]
[SourceDate "2019.07.15"]
[SourceVersion "1"]
[SourceVersionDate "2019.07.15"]
[SourceQuality "1"]

1. e4 e5 2. d4 exd4 3. c3 dxc3 4. Bc4 b5 5. Bxf7+ Kxf7 6. Qd5+ Ke8 7. Qxa8 cxb2 8. Bxb2 Nc6 9. Nf3 Bb4+ 10. Nbd2 Kf7 11. 0-0 Nge7 12. Ng5+ Kg8 13. Rad1 h6 14. Ngf3 Kh7 15. Nb3 Qe8 16. Rd3 Qh5 17. Nh4 Qxh4 18. Rg3 Rg8 19. h3 g6 20. Rf3 g5 21. Rf7+ Kg6 22. Rf6+ Kh7 1/2-1/2

[Event "Santo Domingo Independencia op 8th"]
[Site "Santo Domingo"]
[Date "2019.02.23"]
[Round "7"]
[White "Moore Guzman, Fernando Augusto"]
[Black "Rosario Morillo, Angel"]
[Result "1-0"]
[WhiteElo "1924"]
[BlackElo "1738"]
[PlyCount "93"]
[EventDate "2019.02.15"]
[EventType "swiss"]
[EventRounds "8"]
[EventCountry "DOM"]
[SourceTitle "CBM 189 Extra"]
[Source "ChessBase"]
[SourceDate "2019.06.03"]
[SourceVersion "1"]
[SourceVersionDate "2019.06.03"]
[SourceQuality "1"]

1. f4 d5 2. e3 g6 3. Nf3 Bg7 4. d4 Nf6 5. c4 0-0 6. Nc3 c5 7. dxc5 Qa5 8. Bd2 Qxc5 9. Qb3 Ne4 10. Nxd5 Nxd2 11. Nxd2 Na6 12. Qb5 Qd6 13. e4 Bd7 14. Qb3 e6 15. e5 Qb8 16. Nc3 Nc5 17. Qc2 Bc6 18. 0-0-0 a6 19. b4 Nd7 20. Nde4 Nxe5 21. fxe5 Qxe5 22. Bd3 Bxe4 23. Bxe4 Qxc3 24. Qxc3 Bxc3 25. Bxb7 Ra7 26. Rd7 Rb8 27. Bc6 Rxd7 28. Bxd7 Bxb4 29. Kc2 Kf8 30. g3 Ke7 31. Ba4 e5 32. Bb3 f5 33. Rd1 e4 34. Rd5 Rc8 35. a3 Bxa3 36. Ra5 Bc5 37. Rxa6 Rd8 38. Rc6 Bg1 39. h3 e3 40. c5 Rd2+ 41. Kc1 Bf2 42. Re6+ Kd7 43. c6+ Kc7 44. Ba4 Rd8 45. Re7+ Kb6 46. Rb7+ Kc5 47. c7 1-0

[Event "Santo Domingo Duarte Memorial 8th"]
[Site "Santo Domingo"]
[Date "2019.01.26"]
[Round "6"]
[White "Rosario Morillo, Angel"]
[Black "Ramirez Reyes, Braulio Fernando"]
[Result "0-1"]
[WhiteElo "1751"]
[BlackElo "2106"]
[PlyCount "72"]
[EventDate "2019.01.18"]
[EventType "swiss"]
[EventRounds "8"]
[EventCountry "DOM"]
[SourceTitle "CBM 188 Extra"]
[Source "ChessBase"]
[SourceDate "2019.02.26"]
[SourceVersion "1"]
[SourceVersionDate "2019.02.26"]
[SourceQuality "1"]

1. e4 d5 2. exd5 Qxd5 3. Nc3 Qd6 4. d4 c6 5. Bc4 Nf6 6. Nge2 Bg4 7. f3 Bh5 8. Bf4 Qb4 9. Bb3 e6 10. 0-0 Bg6 11. Kh1 Nbd7 12. h3 Be7 13. Bc7 Bd8 14. Bh2 0-0 15. Nf4 Bb6 16. Nxg6 hxg6 17. Ne2 Rad8 18. c3 Qa5 19. Qe1 Rfe8 20. f4 c5 21. Qh4 cxd4 22. cxd4 Qd2 23. Rfe1 Qxb2 24. Rad1 Ba5 25. Ng1 Bxe1 26. Qxe1 Nb6 27. Nf3 Rc8 28. Ng5 Nh7 29. Ne4 Rc6 30. Nc5 Rd8 31. Bg1 Rc7 32. Be3 Nd5 33. Bc1 Qc3 34. Qe5 Re7 35. Kh2 Qa5 36. Bd2 Qc7 0-1

[Event "Santo Domingo Guzman Cup"]
[Site "Santo Domingo"]
[Date "2017.10.28"]
[Round "6"]
[White "Perez, Lewis Omar"]
[Black "Rosario Morillo, Angel"]
[Result "1/2-1/2"]
[WhiteElo "2014"]
[BlackElo "1768"]
[PlyCount "74"]
[EventDate "2017.10.20"]
[EventType "swiss"]
[EventRounds "8"]
[EventCountry "DOM"]
[SourceTitle "CBM 181 Extra"]
[Source "ChessBase"]
[SourceDate "2017.12.12"]
[SourceVersion "1"]
[SourceVersionDate "2017.12.12"]
[SourceQuality "1"]

1. Nf3 Nf6 2. c4 g6 3. b3 Bg7 4. Bb2 0-0 5. e3 d6 6. Be2 e5 7. d3 Ng4 8. Qc2 f5 9. Nc3 f4 10. h3 Nh6 11. 0-0-0 fxe3 12. fxe3 Nf5 13. Nd5 Bh6 14. g4 Bxe3+ 15. Kb1 Nd4 16. Bxd4 exd4 17. Nxe3 dxe3 18. d4 Nc6 19. Qc3 Re8 20. Rhf1 a5 21. d5 Nb4 22. Nd4 Qe7 23. Rf4 Bd7 24. Rdf1 Rf8 25. Rxf8+ Rxf8 26. Rxf8+ Kxf8 27. a3 Na6 28. Nc2 Qe5 29. Qxe5 dxe5 30. Nxe3 Nc5 31. Kc2 Ke7 32. Bf3 a4 33. b4 Nb3 34. Kc3 Nd4 35. Bd1 Kf6 36. Kd3 b5 37. c5 h5 1/2-1/2

[Event "Santo Domingo U2000 op"]
[Site "Santo Domingo"]
[Date "2017.06.03"]
[Round "3"]
[White "Rosario Morillo, Angel"]
[Black "Pacheco Marte, Sergio Andres"]
[Result "0-1"]
[WhiteElo "1805"]
[BlackElo "1627"]
[PlyCount "120"]
[EventDate "2017.06.02"]
[EventType "swiss"]
[EventRounds "8"]
[EventCountry "DOM"]
[SourceTitle "CBM 178 Extra"]
[Source "ChessBase"]
[SourceDate "2017.06.22"]
[SourceVersion "1"]
[SourceVersionDate "2017.06.22"]
[SourceQuality "1"]

1. e4 d5 2. exd5 Qxd5 3. Nc3 Qe5+ 4. Be2 c6 5. Nf3 Qc7 6. d4 Nf6 7. Ne5 e6 8. Bd3 Be7 9. Ng4 Nbd7 10. Bg5 Nxg4 11. Qxg4 Nf6 12. Qf3 Bd7 13. Ne4 Nxe4 14. Bxe7 Qa5+ 15. b4 Qc7 16. Qxe4 Kxe7 17. 0-0 Rag8 18. c4 Kd8 19. b5 Kc8 20. bxc6 Qxc6 21. d5 exd5 22. cxd5 Qa4 23. Qe5 Kd8 24. Rac1 Re8 25. Qb8+ Ke7 26. Rfe1+ Kf8 27. Rxe8+ Bxe8 28. d6 g6 29. Qxb7 Kg7 30. Qb2+ f6 31. Qb7+ Bd7 32. Re1 Rf8 33. Re7+ Rf7 34. Rxf7+ Kxf7 35. Bc4+ Kg7 36. Bb3 Qc6 37. Qc7 Qxc7 38. dxc7 Bc8 39. a4 a5 40. Kf1 Kf8 41. Ke2 Ke7 42. Kd3 Kd6 43. Kd4 Kxc7 44. Kc5 Ba6 45. Kd5 Kd7 46. Kc5 Kc7 47. Be6 Bf1 48. g4 Bd3 49. f4 g5 50. f5 Be2 51. h3 Bf1 52. Bd5 Bxh3 53. Kb5 Bxg4 54. Be4 Kb8 55. Kxa5 Ka7 56. Kb5 h5 57. Kc5 h4 58. Kd6 h3 59. Ke7 Bxf5 60. Bxf5 h2 0-1

[Event "Santo Domingo Gesta Catorce op"]
[Site "Santo Domingo"]
[Date "2016.06.26"]
[Round "4"]
[White "Belliard Alonzo, Julio Cesar"]
[Black "Rosario Morillo, Angel"]
[Result "0-1"]
[WhiteElo "1627"]
[BlackElo "1777"]
[PlyCount "56"]
[EventDate "2016.06.24"]
[EventType "swiss"]
[EventRounds "8"]
[EventCountry "DOM"]
[SourceTitle "EXT 2017"]
[Source "ChessBase"]
[SourceDate "2016.10.25"]
[SourceVersion "1"]
[SourceVersionDate "2016.10.25"]
[SourceQuality "1"]

1. d4 Nf6 2. c4 g6 3. Nc3 Bg7 4. e4 d6 5. f3 0-0 6. Be3 c5 7. d5 e6 8. Qd2 a6 9. h4 exd5 10. cxd5 h5 11. Bh6 Re8 12. Bxg7 Kxg7 13. Bd3 b5 14. Nge2 b4 15. Nd1 Nbd7 16. Ne3 Ne5 17. 0-0-0 Nxd3+ 18. Qxd3 a5 19. Rdg1 Ba6 20. Nc4 Qd7 21. b3 a4 22. g4 axb3 23. axb3 Bxc4 24. Qxc4 Qe7 25. Ng3 Qe5 26. Ne2 Ra2 27. gxh5 Qb2+ 28. Kd1 Qd2# 0-1

[Event "Santo Domingo Gesta Catorce op"]
[Site "Santo Domingo"]
[Date "2016.06.25"]
[Round "3"]
[White "Rosario Morillo, Angel"]
[Black "Mendez, Ruddy Antonio"]
[Result "0-1"]
[WhiteElo "1777"]
[BlackElo "2019"]
[PlyCount "70"]
[EventDate "2016.06.24"]
[EventType "swiss"]
[EventRounds "8"]
[EventCountry "DOM"]
[SourceTitle "EXT 2017"]
[Source "ChessBase"]
[SourceDate "2016.10.25"]
[SourceVersion "1"]
[SourceVersionDate "2016.10.25"]
[SourceQuality "1"]

1. e4 e5 2. Nf3 Nc6 3. Bb5 Nge7 4. 0-0 g6 5. c3 a6 6. Ba4 Bg7 7. d4 exd4 8. cxd4 b5 9. Bb3 0-0 10. d5 Na5 11. Bc2 Nc4 12. Nc3 d6 13. Qd3 Bb7 14. b3 Nb6 15. Be3 b4 16. Ne2 Bxa1 17. Rxa1 f6 18. Nf4 Rf7 19. Ne6 Qd7 20. Qd2 a5 21. Bd3 Nec8 22. Rc1 c5 23. dxc6 Qxe6 24. cxb7 Rxb7 25. Rc6 Qe7 26. Bb5 Qd8 27. Bh6 Rc7 28. Nd4 Rxc6 29. Nxc6 Qc7 30. Qd4 Qf7 31. h4 Qe6 32. f4 d5 33. e5 Nd7 34. Nd8 Qb6 35. Qxb6 Ndxb6 0-1

[Event "Santo Domingo U2080 op"]
[Site "Santo Domingo"]
[Date "2016.06.14"]
[Round "8"]
[White "Rosario Morillo, Angel"]
[Black "Mendez Ramirez, Victor"]
[Result "0-1"]
[WhiteElo "1777"]
[BlackElo "1653"]
[PlyCount "46"]
[EventDate "2016.06.10"]
[EventType "swiss"]
[EventRounds "8"]
[EventCountry "DOM"]
[SourceTitle "CBM 172 Extra"]
[Source "ChessBase"]
[SourceDate "2016.06.21"]
[SourceVersion "1"]
[SourceVersionDate "2016.06.21"]
[SourceQuality "1"]

1. e4 e6 2. d4 d5 3. Nd2 dxe4 4. Nxe4 Nd7 5. Nf3 Ngf6 6. Nxf6+ Nxf6 7. Bd3 c5 8. dxc5 Bxc5 9. 0-0 0-0 10. Ne5 Bd6 11. Qe2 Qc7 12. f4 Nd7 13. Nxd7 Bxd7 14. Bd2 Bc6 15. Bc3 Bxf4 16. Rxf4 Qxf4 17. Rf1 Qd6 18. Qg4 e5 19. Qh5 e4 20. Bc4 Qg6 21. Qe5 Rae8 22. Rxf7 Rxe5 23. Rf5+ Bd5 0-1

[Event "DOM-ch"]
[Site "Santo Domingo"]
[Date "2016.04.09"]
[Round "6"]
[White "Perez Florentino, Yordan Nicolas"]
[Black "Rosario Morillo, Angel"]
[Result "1-0"]
[WhiteElo "1741"]
[BlackElo "1814"]
[PlyCount "120"]
[EventDate "2016.04.01"]
[EventType "swiss"]
[EventRounds "11"]
[EventCountry "DOM"]
[SourceTitle "CBM 171 Extra"]
[Source "ChessBase"]
[SourceDate "2016.04.26"]
[SourceVersion "1"]
[SourceVersionDate "2016.04.26"]
[SourceQuality "1"]

1. d4 Nf6 2. Nf3 g6 3. Bf4 Bg7 4. e3 0-0 5. Nbd2 d6 6. Be2 Nbd7 7. c3 Re8 8. Nc4 b6 9. Nfd2 Bb7 10. Bf3 Qc8 11. 0-0 e5 12. Bg3 e4 13. Be2 a5 14. a4 Nd5 15. Bxd6 cxd6 16. Nxd6 Qb8 17. Nxe8 Qxe8 18. Bb5 Nc7 19. Be2 Rd8 20. Nc4 Qe6 21. Nd2 h6 22. c4 Na6 23. Nb3 Nb4 24. Qd2 Ne5 25. Rac1 Bf8 26. Na1 Qe7 27. Nc2 Qg5 28. Kh1 Ned3 29. Rb1 Ne5 30. Ne1 Qh4 31. f4 Ng4 32. Bxg4 Qxg4 33. Qf2 Nd3 34. Nxd3 exd3 35. d5 Bb4 36. e4 Bc5 37. Qd2 Qe2 38. Qxe2 dxe2 39. Rfe1 Be3 40. g3 Re8 41. Rxe2 Bd4 42. h3 Kg7 43. Kh2 h5 44. Rd1 Bc5 45. e5 Kf8 46. g4 hxg4 47. hxg4 Kg7 48. Kg3 Rh8 49. Rh2 Rxh2 50. Kxh2 Kf8 51. Kg3 Ke7 52. f5 gxf5 53. gxf5 f6 54. d6+ Kd7 55. exf6 Bxd6+ 56. Kg4 Kc6 57. Kg5 Kc5 58. b3 Be4 59. Kg6 Bf3 60. Rd2 Be4 1-0

[Event "DOM-ch"]
[Site "Santo Domingo"]
[Date "2016.04.02"]
[Round "3"]
[White "Rosario Morillo, Angel"]
[Black "Fabian Brioso, Carlos Julio"]
[Result "0-1"]
[WhiteElo "1814"]
[BlackElo "1939"]
[PlyCount "66"]
[EventDate "2016.04.01"]
[EventType "swiss"]
[EventRounds "11"]
[EventCountry "DOM"]
[SourceTitle "CBM 171 Extra"]
[Source "ChessBase"]
[SourceDate "2016.04.26"]
[SourceVersion "1"]
[SourceVersionDate "2016.04.26"]
[SourceQuality "1"]

1. e4 Nf6 2. e5 Nd5 3. d4 d6 4. Nf3 Bg4 5. Be2 e6 6. h3 Bh5 7. c4 Nb6 8. Nc3 Be7 9. g4 Bg6 10. h4 h5 11. g5 Nc6 12. exd6 cxd6 13. 0-0 Rc8 14. Be3 Nb4 15. Rc1 Qd7 16. a3 Nc6 17. d5 exd5 18. Bxb6 axb6 19. cxd5 Qg4+ 20. Kh1 Qh3+ 21. Nh2 Ne5 22. Bb5+ Kf8 23. f3 f6 24. Ne4 Rxc1 25. Qxc1 Bxe4 26. fxe4 Kf7 27. Be2 Ng4 28. Bxg4 hxg4 29. gxf6 gxf6 30. e5 Rxh4 31. Rxf6+ Bxf6 32. Qc7+ Be7 33. e6+ Kf6 0-1

[Event "Santo Domingo District"]
[Site "Santo Domingo"]
[Date "2016.03.13"]
[Round "4"]
[White "Castillo Vazquez, Adgart Miguel"]
[Black "Rosario Morillo, Angel"]
[Result "1-0"]
[WhiteElo "2015"]
[BlackElo "1816"]
[PlyCount "57"]
[EventDate "2016.03.11"]
[EventType "swiss"]
[EventRounds "7"]
[EventCountry "DOM"]
[SourceTitle "EXT 2017"]
[Source "ChessBase"]
[SourceDate "2016.10.25"]
[SourceVersion "1"]
[SourceVersionDate "2016.10.25"]
[SourceQuality "1"]

1. d4 Nf6 2. c4 g6 3. Nc3 Bg7 4. e4 d6 5. Bd3 0-0 6. Nge2 e5 7. d5 Nbd7 8. 0-0 Nc5 9. Ng3 Nxd3 10. Qxd3 Nd7 11. Be3 Nc5 12. Qd2 f5 13. f4 a5 14. exf5 gxf5 15. fxe5 Bxe5 16. Bf4 a4 17. Rae1 Qf6 18. Bg5 Bd4+ 19. Kh1 Qg7 20. Re7 Qg6 21. Bh6 Be5 22. Bxf8 Kxf8 23. Rxc7 Ke8 24. Qe2 Kd8 25. Rxc5 Bxg3 26. Rxc8+ Rxc8 27. hxg3 Rxc4 28. Qxc4 Qh6+ 29. Qh4+ 1-0

[Event "Santo Domingo District"]
[Site "Santo Domingo"]
[Date "2016.03.12"]
[Round "2"]
[White "Rosario Morillo, Angel"]
[Black "Espinal Geraldo, German Adalbert"]
[Result "1-0"]
[WhiteElo "1816"]
[BlackElo "1619"]
[PlyCount "45"]
[EventDate "2016.03.11"]
[EventType "swiss"]
[EventRounds "7"]
[EventCountry "DOM"]
[SourceTitle "EXT 2017"]
[Source "ChessBase"]
[SourceDate "2016.10.25"]
[SourceVersion "1"]
[SourceVersionDate "2016.10.25"]
[SourceQuality "1"]

1. e4 e5 2. Nf3 d6 3. d4 exd4 4. Qxd4 Nf6 5. e5 dxe5 6. Qxd8+ Kxd8 7. Nxe5 Be6 8. Bf4 Bd6 9. Be2 Bxe5 10. Bxe5 Nbd7 11. Bg3 Re8 12. Nd2 Bf5 13. f3 Nd5 14. Kf2 Bxc2 15. Rac1 Bf5 16. Nc4 Rc8 17. Rhd1 Nb4 18. Na5 Re6 19. Nxb7+ Ke7 20. Rxc7 Rxc7 21. Bxc7 Rc6 22. Bd6+ Kf6 23. Bxb4 1-0

[Event "Santo Domingo La Raza op"]
[Site "Santo Domingo"]
[Date "2015.10.19"]
[Round "5"]
[White "Salcie, Francisco"]
[Black "Rosario Morillo, Angel"]
[Result "0-1"]
[WhiteElo "2004"]
[BlackElo "1820"]
[PlyCount "52"]
[EventDate "2015.10.12"]
[EventType "swiss"]
[EventRounds "8"]
[EventCountry "DOM"]
[SourceTitle "CBM 169 Extra"]
[Source "ChessBase"]
[SourceDate "2015.12.18"]
[SourceVersion "1"]
[SourceVersionDate "2015.12.18"]
[SourceQuality "1"]

1. e4 c5 2. Nf3 Nc6 3. d4 cxd4 4. Nxd4 Nf6 5. Nc3 d6 6. Bg5 e6 7. f4 Be7 8. Nb3 0-0 9. Qf3 e5 10. f5 Nd4 11. Qd3 Nxb3 12. axb3 h6 13. h4 Bd7 14. Be2 Bc6 15. 0-0-0 a5 16. g4 a4 17. bxa4 Bxa4 18. Bxf6 Bxf6 19. Qxd6 Qa5 20. Nd5 Bxc2 21. Kxc2 Qa4+ 22. Kd2 Rfd8 23. Qa3 Qxe4 24. Qxa8 Qxd5+ 25. Ke3 Qc5+ 26. Kf3 Rxa8 0-1

[Event "Santo Domingo Summer op"]
[Site "Santo Domingo"]
[Date "2015.07.24"]
[Round "5"]
[White "Rosario Tejada, Angel Jose"]
[Black "Rosario Morillo, Angel"]
[Result "1-0"]
[WhiteElo "1637"]
[BlackElo "1841"]
[PlyCount "73"]
[EventDate "2015.07.17"]
[EventType "swiss"]
[EventRounds "8"]
[EventCountry "DOM"]
[SourceTitle "EXT 2016"]
[Source "ChessBase"]
[SourceDate "2015.10.08"]
[SourceVersion "1"]
[SourceVersionDate "2015.10.08"]
[SourceQuality "1"]

1. e4 c5 2. Nc3 Nc6 3. g3 g6 4. Bg2 Bg7 5. f4 e6 6. Nge2 Nge7 7. 0-0 0-0 8. d3 d6 9. Be3 Rb8 10. d4 d5 11. exd5 exd5 12. Bf2 c4 13. Kh1 b5 14. Qd2 a6 15. Ng1 Be6 16. Nf3 h6 17. Rfe1 Qd7 18. Rad1 a5 19. Ne5 Nxe5 20. dxe5 Bg4 21. Ne2 Rfd8 22. Bc5 Bh3 23. Bxh3 Qxh3 24. Bxe7 Rd7 25. Bd6 Ra8 26. Qxd5 Rad8 27. Qxb5 Qg4 28. Nd4 h5 29. Kg2 h4 30. Qc6 h3+ 31. Kg1 Qh5 32. Qf3 Qh7 33. Rd2 Bh6 34. Red1 a4 35. Nc6 Re8 36. Bb4 Rb7 37. Rd8 1-0

[Event "Santo Domingo Summer op"]
[Site "Santo Domingo"]
[Date "2015.07.19"]
[Round "4"]
[White "Rosario Morillo, Angel"]
[Black "Sepulveda Herrera, Job Rodrigo"]
[Result "0-1"]
[WhiteElo "1841"]
[BlackElo "2243"]
[PlyCount "64"]
[EventDate "2015.07.17"]
[EventType "swiss"]
[EventRounds "8"]
[EventCountry "DOM"]
[SourceTitle "EXT 2016"]
[Source "ChessBase"]
[SourceDate "2015.10.08"]
[SourceVersion "1"]
[SourceVersionDate "2015.10.08"]
[SourceQuality "1"]

1. e4 d5 2. exd5 Qxd5 3. Nc3 Qd8 4. d4 Nf6 5. Bc4 c6 6. Nf3 Bf5 7. Ne5 e6 8. g4 Bg6 9. h4 Bb4 10. a3 Bxc3+ 11. bxc3 Be4 12. f3 Bd5 13. Bf1 c5 14. Be3 0-0 15. c4 cxd4 16. Qxd4 Nc6 17. Nxc6 Bxc6 18. Qxd8 Rfxd8 19. Rh3 e5 20. h5 Ba4 21. Rb1 b6 22. Rh2 Rac8 23. Rd1 Bc6 24. Rxd8+ Rxd8 25. Be2 Nd7 26. Bd1 Nc5 27. Rd2 Rc8 28. Rd6 h6 29. Bd2 Nb7 30. Rd3 f6 31. Bc3 Kf7 32. Kd2 Nc5 0-1

[Event "Santo Domingo op U2100 2nd"]
[Site "Santo Domingo"]
[Date "2015.06.27"]
[Round "6"]
[White "Rosario Morillo, Angel"]
[Black "Steel Stephen, Daniel Alberto"]
[Result "0-1"]
[WhiteElo "1835"]
[BlackElo "1995"]
[PlyCount "62"]
[EventDate "2015.06.19"]
[EventType "swiss"]
[EventRounds "8"]
[EventCountry "DOM"]
[SourceTitle "CBM 167 Extra"]
[Source "ChessBase"]
[SourceDate "2015.09.14"]
[SourceVersion "1"]
[SourceVersionDate "2015.09.14"]
[SourceQuality "1"]

1. e4 c5 2. d4 cxd4 3. c3 dxc3 4. Nxc3 e6 5. Nf3 Nc6 6. Bc4 a6 7. 0-0 b5 8. Bb3 Qc7 9. Qe2 b4 10. Na4 Nf6 11. Be3 Rb8 12. Rac1 Be7 13. g3 Qa5 14. Bf4 e5 15. Rxc6 dxc6 16. Nxe5 Be6 17. Nxc6 Qb5 18. Qxb5 Rxb5 19. Bxe6 fxe6 20. Nd4 e5 21. Nxb5 axb5 22. Nb6 exf4 23. gxf4 Kf7 24. e5 Nh5 25. f5 Nf4 26. Re1 Rd8 27. h4 Rd2 28. Re4 Nh3+ 29. Kg2 Nxf2 30. e6+ Kf6 31. Re3 Ng4+ 0-1

[Event "Santo Domingo op U2100 2nd"]
[Site "Santo Domingo"]
[Date "2015.06.20"]
[Round "3"]
[White "Rosado de Leon, Gabriel"]
[Black "Rosario Morillo, Angel"]
[Result "1-0"]
[WhiteElo "1605"]
[BlackElo "1835"]
[PlyCount "47"]
[EventDate "2015.06.19"]
[EventType "swiss"]
[EventRounds "8"]
[EventCountry "DOM"]
[SourceTitle "CBM 167 Extra"]
[Source "ChessBase"]
[SourceDate "2015.09.14"]
[SourceVersion "1"]
[SourceVersionDate "2015.09.14"]
[SourceQuality "1"]

1. d4 Nf6 2. c4 g6 3. Nc3 Bg7 4. Nf3 0-0 5. Bf4 d6 6. h3 Nc6 7. e3 Nd7 8. Bd3 e5 9. dxe5 dxe5 10. Bg3 f5 11. Be2 h6 12. Qd5+ Kh7 13. Rd1 Nb4 14. Qd2 c6 15. Bxe5 Bxe5 16. Nxe5 Qg5 17. Nxd7 Re8 18. Qd6 Nc2+ 19. Kf1 Bxd7 20. Qxd7+ Kg8 21. Qd2 Nb4 22. Ne4 Qe7 23. Nd6 Red8 24. Qxb4 1-0

[Event "Santo Domingo op U2100"]
[Site "Santo Domingo"]
[Date "2015.02.08"]
[Round "4"]
[White "Rosario Morillo, Angel"]
[Black "Moronta Ramos, Dianelva Altagracia"]
[Result "0-1"]
[WhiteElo "1832"]
[BlackElo "1712"]
[PlyCount "22"]
[EventDate "2015.02.06"]
[EventType "swiss"]
[EventRounds "8"]
[EventCountry "DOM"]
[SourceTitle "CBM 164 Extra"]
[Source "ChessBase"]
[SourceDate "2015.03.02"]
[SourceVersion "1"]
[SourceVersionDate "2015.03.02"]
[SourceQuality "1"]

1. e4 c6 2. d4 d5 3. Nd2 dxe4 4. Nxe4 Nd7 5. Ng5 Ngf6 6. Bd3 e6 7. N1f3 Be7 8. Nxf7 Kxf7 9. Ng5+ Kg8 10. Nxe6 Qb6 11. Bc4 Qb4+ 0-1

[Event "Santo Domingo op"]
[Site "Santo Domingo"]
[Date "2005.11.24"]
[Round "1"]
[White "Rosario Morillo, Angel"]
[Black "Santa Torres, Luis A"]
[Result "0-1"]
[WhiteElo "1957"]
[BlackElo "2208"]
[PlyCount "52"]
[EventDate "2005.11.24"]
[EventType "swiss"]
[EventRounds "9"]
[EventCountry "DOM"]
[SourceTitle "CBM 109 Extra"]
[Source "ChessBase"]
[SourceDate "2006.01.03"]
[SourceVersion "2"]
[SourceVersionDate "2006.01.03"]
[SourceQuality "1"]

1. e4 c5 2. Nf3 a6 3. d4 cxd4 4. Nxd4 Nf6 5. Nc3 e5 6. Nf3 Qc7 7. Be2 Bb4 8. Bd2 d6 9. Bd3 Nbd7 10. 0-0 0-0 11. Bg5 Bxc3 12. bxc3 Qxc3 13. Re1 h6 14. Bd2 Qc7 15. c4 Nc5 16. Bc2 Be6 17. Qe2 Rac8 18. a4 Ncd7 19. Rac1 Bxc4 20. Bd3 Bxd3 21. Qxd3 Nc5 22. Qb1 Qd7 23. a5 Rc6 24. Nh4 Rfc8 25. f3 d5 26. Nf5 dxe4 0-1